Overlapping TV Titles Quiz Stats

 Plays Quiz Updated Sep 17, 2019

Score 0/30 Timer 05:00
3 Plays Today
TV Show 1 Overlapping Word % Correct
The Dating...Game
98.3%
Sesame...Street
98.2%
Orange Is the New...Black
98.1%
Murphy's...Law
98.1%
Breaking...Bad
98%
The Walking...Dead
98%
Full...House
98%
Sex and the...City
98%
Dirty...Dancing
97.1%
Modern...Family
96.7%
The Dick Van Dyke...Show
96.4%
All...American
95.9%
8 Simple...Rules
95.8%
Happy...Days
95.5%
All...That
95.4%
TV Show 1 Overlapping Word % Correct
The War at...Home
95.1%
My Three...Sons
95%
Lifestyles of the Rich and...Famous
92.9%
Mad...Men
92.7%
NYPD...Blue
92.3%
Doctor...Who
92.1%
King of the...Hill
92.1%
Stark Raving...Mad
90.7%
Hogan's...Heroes
89.9%
My So-Called...Life
89%
Friday Night...Lights
86.9%
Monty Python's Flying...Circus
84.3%
Cougar...Town
82.3%
In Living...Color
79.3%
Lost in...Space
78.6%

You're not logged in!

Compare scores with friends on all Sporcle quizzes.
OR
Log In

Sporcle TV

Today on Sporcle TV


Watch our educational content, quiz creation guides, and fun videos on Sporcle TV.

Show Comments

Extras

Top Quizzes Today


Score Distribution

Your Account Isn't Verified!

In order to create a playlist on Sporcle, you need to verify the email address you used during registration. Go to your Sporcle Settings to finish the process.

Report this User

Report this user for behavior that violates our Community Guidelines.

Details: